[Event "Kesan op"]
[Site "Kesan"]
[Date "2022.08.04"]
[Round "5"]
[White "Cakiroglu, Metin"]
[Black "Ozu, Salih Ahmet Sungura"]
[Result "0-1"]
[WhiteElo "2073"]
[BlackElo "1461"]
[PlyCount "110"]
[EventDate "2022.08.02"]
[EventType "swiss"]
[EventRounds "9"]
[EventCountry "TUR"]
[SourceTitle "CBM 209 Extra"]
[Source "ChessBase"]
[SourceDate "2022.09.30"]
[SourceVersion "1"]
[SourceVersionDate "2022.09.30"]
[SourceQuality "1"]

1. c4 e5 2. Nc3 Nf6 3. g3 d5 4. cxd5 Nxd5 5. Bg2 Nb6 6. Nf3 Nc6 7. 0-0 Be7 8. b3 0-0 9. Bb2 Be6 10. Rc1 f5 11. d3 Qd7 12. Qd2 h6 13. Rfd1 Rad8 14. Qe1 Qe8 15. Nb5 Bd6 16. Nxd6 cxd6 17. Qd2 Qh5 18. Ba1 f4 19. b4 Nd5 20. b5 Nce7 21. Rc4 Bh3 22. Bh1 Nf5 23. Qe1 Qg6 24. Nd2 Nf6 25. Bg2 Bxg2 26. Kxg2 Ng4 27. Qg1 Qh5 28. Nf3 Nge3+ 29. fxe3 Nxe3+ 30. Kf2 Nxd1+ 31. Qxd1 fxg3+ 32. Kxg3 Rf6 33. Rh4 Rg6+ 34. Kf2 Qf5 35. Qb3+ Kh7 36. Qd5 Rc8 37. Qxb7 Rc1 38. Qxa7 Rxa1 39. b6 e4 40. Rxe4 Qc5+ 41. d4 Qb5 42. Re3 Qb1 43. Re8 Rxa2 44. Qb8 Rf6 45. b7 Rxf3+ 46. Kxf3 Qf1+ 47. Ke4 Rxe2+ 48. Kd5 Qf7+ 49. Kxd6 Rxe8 50. Qxe8 Qxe8 51. Kc7 Qe7+ 52. Kc8 Qe6+ 53. Kd8 Qd6+ 54. Kc8 Qc6+ 55. Kb8 Kg8 0-1